TB. OF NUTRITION FOR GNM STUDENTS (Record no. 21924)
[ view plain ]
| 000 -LEADER | |
|---|---|
| fixed length control field | 00344nam a22001577a 4500 |
| 003 - CONTROL NUMBER IDENTIFIER | |
| control field | SGT |
| 020 ## - INTERNATIONAL STANDARD BOOK NUMBER | |
| International Standard Book Number | 9789386827104 |
| 082 ## - DEWEY DECIMAL CLASSIFICATION NUMBER | |
| Classification number | 612.3 |
| Item number | N18K |
| 100 ## - MAIN ENTRY--PERSONAL NAME | |
| Personal name | KAUR, VARINDER |
| 245 ## - TITLE STATEMENT | |
| Title | TB. OF NUTRITION FOR GNM STUDENTS |
| 250 ## - EDITION STATEMENT | |
| Edition statement | 1ST |
| 260 ## - PUBLICATION, DISTRIBUTION, ETC. (IMPRINT) | |
| Place of publication, distribution, etc | INDIA |
| Name of publisher, distributor, etc | CBS PUB |
| Year of Publication | 2018 |
| 300 ## - PAGE DESCRIPTION | |
| No. of Pages | 162 |
| 650 ## - SUBJECT ADDED ENTRY--TOPICAL TERM | |
| Topical term or geographic name as entry element | NUTRITION |
| 942 ## - ADDED ENTRY ELEMENTS (KOHA) | |
| Source of classification or shelving scheme | Dewey Decimal Classification |
| Koha item type | Books |
| 942 ## - ADDED ENTRY ELEMENTS (KOHA) | |
| -- | 27 |
| Withdrawn status | Lost status | Source of classification or shelving scheme | Damaged status | Not for loan | Collection code | Home library | Current library | Shelving location | Date acquired | Vendor Name | Cost, normal purchase price | SGTU | Bill Number | Total Checkouts | Full call number | Accession No. (Barcode) | Date last seen | Date last borrowed | Bill Date | Koha item type |
|---|---|---|---|---|---|---|---|---|---|---|---|---|---|---|---|---|---|---|---|---|
| Dewey Decimal Classification | NURSING | SGT Medical Library | SGT Medical Library | Text Book | 09/10/2021 | ABC DELHI | 275.00 | SGTU | 13308 | 11 | 612.3 N18K | FN4402 | 19/09/2025 | 06/09/2025 | Books | |||||
| Dewey Decimal Classification | NURSING | SGT Medical Library | SGT Medical Library | Text Book | 09/10/2021 | ABC DELHI | 275.00 | SGTU | 13308 | 3 | 612.3 N18K | FN4403 | 23/05/2025 | 23/05/2025 | Books | |||||
| Dewey Decimal Classification | NURSING | SGT Medical Library | SGT Medical Library | Text Book | 09/10/2021 | ABC DELHI | 275.00 | SGTU | 13308 | 7 | 612.3 N18K | FN4404 | 12/06/2025 | 10/06/2025 | Books | |||||
| Dewey Decimal Classification | NURSING | SGT Medical Library | SGT Medical Library | Text Book | 09/10/2021 | ABC DELHI | 275.00 | SGTU | 13308 | 7 | 612.3 N18K | FN4405 | 26/03/2025 | 12/03/2025 | Books | |||||
| Dewey Decimal Classification | NURSING | SGT Medical Library | SGT Medical Library | Text Book | 09/10/2021 | ABC DELHI | 275.00 | SGTU | 13308 | 9 | 612.3 N18K | FN4406 | 26/03/2026 | 26/03/2026 | Books |